000 01092cam a22003134a 4500
001 14562949
003 PILC
005 20150112093445.0
008 060922s2005 ph 000 0 eng
010 _a 2006327256
020 _a9715844111
040 _aDLC
_cDLC
_dDLC
042 _alcode
043 _aa-ph---
050 0 0 _aKPM 1744.6
_b.Si623 2005
082 _aFil 342.914
_bS85 2005
100 1 _aSison, Carmelo V.
_922809
245 1 0 _aEssentials of the 1987 Constitution /
_cCarmelo V. Sison.
260 _aQuezon City :
_bPublished and distributed by C&E Pub.,
_c2005.
300 _a269 pages :
_c23 cm.
500 _aRev. ed. of: Teaching the 1987 Constitution.
610 1 0 _aPhilippines.
_tConstitution (1987)
_922857
650 0 _aConstitutional law
_zPhilippines
_vPopular works.
_922858
700 1 _aSison, Carmelo V.
_tTeaching the 1987 Constitution.
_922859
710 1 _aPhilippines.
_tConstitution (1987).
_lEnglish.
_922860
906 _a7
_bcbc
_corigode
_d2
_encip
_f20
_gy-gencatlg
942 _2lcc
_cBK
999 _c14888
_d14888